书目信息 |
| 题名: |
微机应用基础
|
|
| 作者: | 李畅 编著 | |
| 分册: | ||
| 出版信息: | 北京 高等教育出版社 1999 |
|
| 页数: | 223页 | |
| 开本: | 26cm | |
| 丛书名: | ||
| 单 册: | ||
| 中图分类: | TP36 | |
| 科图分类: | 73.876 | |
| 主题词: | 微型计算机--高等学校--教材 | |
| 电子资源: | ||
| ISBN: | 7-04-006210-0 | |
| 000 | 00627nam0 2200229 45 | |
| 001 | 0198014967 | |
| 005 | 20070618162430.89 | |
| 010 | @a7-04-006210-0@dCNY15.00 | |
| 100 | @a19980319d1999 em y0chiy0121 ea | |
| 101 | 0 | @achi |
| 102 | @aCN@b110000 | |
| 105 | @ay z 000yy | |
| 200 | 10 | @a微机应用基础@Awei ji ying yong ji chu@f李畅等编著 |
| 210 | @a北京@c高等教育出版社@d1999 | |
| 215 | @a223页@d26cm | |
| 300 | @a高等专科学校计算机系列教材 | |
| 606 | @a微型计算机@x高等学校@x教材 | |
| 690 | @aTP36@v3 | |
| 692 | @a73.876@v2 | |
| 701 | 0 | @a李畅@Ali chang@4编著 |
| 801 | 0 | @aCN@bTSSF@c20070618 |
| 905 | @a10447@dTP36@e400 | |
| 微机应用基础/李畅等编著.-北京:高等教育出版社,1999 |
| 223页;26cm |
| 高等专科学校计算机系列教材 |
| ISBN 7-04-006210-0:CNY15.00 |
| ● |
| 相关链接 |
|
|
|
|
正题名:微机应用基础
索取号:TP36/400
 
预约/预借
| 序号 | 登录号 | 条形码 | 馆藏地/架位号 | 状态 | 备注 |
| 1 | 0409229 | 204092294 | 第二样本阅览室/ [索取号:TP36/400] | 在馆 | |
| 2 | 0409230 | 204092301 | 密集书库/ [索取号:TP36/400] | 在馆 | |
| 3 | 0512610 | 205126102 | 密集书库/ [索取号:TP36/400] | 在馆 | |
| 4 | 0512611 | 205126111 | 密集书库/ [索取号:TP36/400] | 在馆 | |
| 5 | 0512612 | 205126120 | 密集书库/ [索取号:TP36/400] | 在馆 | |
| 6 | 0512613 | 205126139 | 密集书库/ [索取号:TP36/400] | 在馆 | |
| 7 | 0512614 | 205126148 | 密集书库/ [索取号:TP36/400] | 在馆 | |
| 8 | 0512615 | 205126157 | 密集书库/ [索取号:TP36/400] | 在馆 | |
| 9 | 0512616 | 205126166 | 密集书库/ [索取号:TP36/400] | 在馆 | |
| 10 | 0512617 | 205126175 | 密集书库/ [索取号:TP36/400] | 在馆 | |
| 11 | 0512618 | 205126184 | 密集书库/ [索取号:TP36/400] | 在馆 | |
| 12 | 0512619 | 205126193 | 密集书库/ [索取号:TP36/400] | 在馆 | |
| 13 | 0512620 | 205126200 | 密集书库/ [索取号:TP36/400] | 在馆 | |
| 14 | 0512621 | 205126219 | 密集书库/ [索取号:TP36/400] | 在馆 | |
| 15 | 0512622 | 205126228 | 密集书库/ [索取号:TP36/400] | 在馆 | |
| 16 | 0512623 | 205126237 | 密集书库/ [索取号:TP36/400] | 在馆 | |
| 17 | 0512624 | 205126246 | 密集书库/ [索取号:TP36/400] | 在馆 | |
| 18 | 0512625 | 205126255 | 密集书库/ [索取号:TP36/400] | 在馆 | |
| 19 | 0512626 | 205126264 | 密集书库/ [索取号:TP36/400] | 在馆 | |
| 20 | 0512627 | 205126273 | 密集书库/ [索取号:TP36/400] | 在馆 | |
| 21 | 0512628 | 205126282 | 密集书库/ [索取号:TP36/400] | 在馆 | |
| 22 | 0512629 | 205126291 | 密集书库/ [索取号:TP36/400] | 在馆 | |
| 23 | 0512630 | 205126308 | 密集书库/ [索取号:TP36/400] | 在馆 | |
| 24 | 0512631 | 205126317 | 密集书库/ [索取号:TP36/400] | 在馆 | |
| 25 | 0512632 | 205126326 | 密集书库/ [索取号:TP36/400] | 在馆 | |
| 26 | 0512633 | 205126335 | 密集书库/ [索取号:TP36/400] | 在馆 | |
| 27 | 0512634 | 205126344 | 密集书库/ [索取号:TP36/400] | 在馆 | |
| 28 | 0512635 | 205126353 | 密集书库/ [索取号:TP36/400] | 在馆 | |
| 29 | 0630611 | 206306111 | 密集书库/ [索取号:TP36/400] | 在馆 | |
| 30 | 0630612 | 206306120 | 密集书库/ [索取号:TP36/400] | 在馆 | |
| 31 | 0630613 | 206306139 | 密集书库/ [索取号:TP36/400] | 在馆 | |
| 32 | 0630614 | 206306148 | 密集书库/ [索取号:TP36/400] | 在馆 | |
| 33 | 0630615 | 206306157 | 密集书库/ [索取号:TP36/400] | 在馆 | |
| 34 | 0653832 | 206538326 | 库房3/ [索取号:TP36/400] | 在馆 |